Statistics for Russian Islands

Click here to take the quiz!

General Stats

  • This quiz has been taken 47 times
    (30 since last reset)
  • The average score is 6 of 13

Answer Stats

CategoryIsland% Correct
Sakhalin
86%
Severny
71%
Yuzhny
62%
New SiberianBolshevik
48%
Bolshevik
48%
October Revolution
48%
October Revolution
48%
Wrangel
43%
Kotelny
38%
Kotelny
38%
Komsomolets
24%
New Siberia
19%
Bolshoy Lyakhovsky
5%

Score Distribution

Percentile by Number Answered

Percent of People with Each Score

Your Score History

You have not taken this quiz since the last reset